Diseño e implementación de un instrumento musical mediante aplicación Android en dos dispositivos conectados por Bluetooh
Wedi'i Gadw mewn:
| Prif Awdur: | |
|---|---|
| Awduron Eraill: | |
| Fformat: | Llyfr |
| Iaith: | Spanish |
| Cyhoeddwyd: |
[San José ], Costa Rica
2016
|
| Pynciau: | |
| Tagiau: |
Ychwanegu Tag
Dim Tagiau, Byddwch y cyntaf i dagio'r cofnod hwn!
|
MARC
| LEADER | 00000nam a22000007a 4500 | ||
|---|---|---|---|
| 003 | 012690 | ||
| 005 | 20231129103208.0 | ||
| 008 | 171004b2016 cr a|||| m||| 00| ||spa d | ||
| 040 | |c cru CEDI | ||
| 090 | |a TFG 7841 | ||
| 100 | |a Rincón Riveros, Luis Felipe, 1995- |9 1604 | ||
| 245 | |a Diseño e implementación de un instrumento musical mediante aplicación Android en dos dispositivos conectados por Bluetooh | ||
| 260 | |a [San José ], Costa Rica |c 2016 | ||
| 300 | |a xiii, 65 hojas ; ilustraciones a color | ||
| 500 | |a "IE-0499 Proyecto eléctrico”, Proyecto de graduación (bachillerato en ingeniería eléctrica)--Universidad de Costa Rica. Facultad de Ingeniería. Escuela de Ingeniería Eléctrica | ||
| 501 | |a Profesor Guía de IE-0499 Proyecto Eléctrico: M.Sc Teodoro Willink Castro | ||
| 650 | |x ANDROID (RECURSO ELECTRONICO) |x INTERFACES GRAFICAS CON EL USUARIO (SISTEMAS PARA COMPUTADORA) |x DESARROLLO DE PROGRAMAS DE APLICACION |x TECNOLOGIA DEL BLUETOOTH |x TRANSMISION DE AUDIO DIGITAL |x REPRODUCCION DEL SONIDO |x SIMULACION POR COMPUTADORA |x PROCESAMIENTO DE SONIDO POR COMPUTADORA |9 10041 | ||
| 700 | |a Willink Castro, Teodoro, 1986- |d Director de Proyecto Eléctrico |9 728 | ||
| 942 | |c TFG |h TFG 7841 |i 012690 |6 TFG_7841_012690000000000 | ||
| 999 | |c 19074 |d 19074 | ||
